000 00518nas a2200193 a 4500
001 000036542
003 DLC
005 20200930075805.0
008 120119c20119999dr dr1ned 0 0spa d
040 _aDO-SdBNP
_bspa
043 _anwdr
245 0 0 _aEl Caribe.
260 _aSanto Domingo :
_bEditora del Caribe,
_c2011.
300 _ail. ;
_c42 cm.
310 _aDiaria
362 0 _aAño 63, no. 20,822
500 _aDirector: diciembre 2011, Osvaldo Santana
650 0 _aPublicaciones periódicas
_vDIARIOS
_962717
999 _c36033
_d36033